| 000 | 00579nam a2200193 a 4500 | ||
|---|---|---|---|
| 005 | 20230610063609.0 | ||
| 008 | 991125s1981 es 000 0 spa u | ||
| 020 | _a8420721530 | ||
| 035 | _aUPN01000015876 | ||
| 049 | _aCG | ||
| 050 | 4 |
_aLB2822.5 _bP6.38 |
|
| 100 | 1 | _aPoster, Cyril | |
| 245 | 1 | 0 |
_aDirección y gestión de centros educativos / _cCyril Poster ; tr. Luis Echeverría Rivera. |
| 260 |
_aMadrid : _bAnaya, _c1981. |
||
| 300 | _a189 p. | ||
| 440 | 0 | _aCiencias de la educación | |
| 650 | 4 |
_aEscuelas primarias _xDirección y organización _94165 |
|
| 905 | _aLibro | ||
| 999 |
_c15876 _d15876 |
||